01121nam a2200301uu 450000100070000000500170000700800410002403500110006503500210007604000130009704100080011008000080011810000530012624501020017926000660028130000130034765000320036065000310039265000320042365000240045565000320047970000500051170000500056170000550061194200090066699900190067595201250069499230320260507073228.0060911e20040911 spa  a992303 a(OCoLC)777925848 ccomduadb aspa aCc/10aGiraldo Castro, Carlos Augusto4edteedt929453010aProyecto de investigación en red sobre organización e institucionalidad en la MPE y artesanal aMedellín :bInstituto de Estudios Regionales (INER),c2004. a96 hojas aMinería artesanal9153244 aPequeña minería914398 aMinería - Chocó9176612 aTado (Choco)918456 aBolívar (Colombia)92682610aÁlvarez Zapata, Olma Juny4reseres932365110aVergara Jaramillo, Veronica4reseres955143610aMosquera Mosquera, Carlos Heyler4reseres9424254 cBOOK c397694d397694 001040708ARCHIPROYEaINERbINERd2006-09-11iC919968l0oCc/P 3215p0637317r2023-04-26 00:00:00t1w2023-04-26yBOOK